| 000 | 00846nam a2200241Ia 4500 | ||
|---|---|---|---|
| 003 | OSt | ||
| 005 | 20220923220939.0 | ||
| 006 | a|||||r|||| 00| 0 | ||
| 007 | ta | ||
| 008 | 220922b |||||||| |||| 00| 0 hin d | ||
| 024 | _a192,551 | ||
| 037 | _cTextual | ||
| 040 |
_aARTS _cARTS _bhin |
||
| 041 |
_2hin _ahin |
||
| 082 | _aU8..245.N, 152N4.1-.2 | ||
| 100 | _aसांकृत्यायन, राहुल | ||
| 245 | 0 |
_aहिमाचल _b एक सांस्कृतिक यात्रा |
|
| 246 | _aHimāchala: ek sāanskṛutik yātrā | ||
| 260 |
_aनई दिल्ली _b वाणी प्रकाशन _c1994 |
||
| 650 | _aभारतीय-भूगोल | ||
| 942 |
_hU8..245.N, 152N4.1-.2 _cTEXL _2CC |
||
| 999 |
_c345152 _d345152 |
||